| 000 | 00756cam a2200229 a 4500 | ||
|---|---|---|---|
| 001 | 13041891 | ||
| 005 | 20180202083950.0 | ||
| 008 | 021226s2003 ilu b 001 0 eng | ||
| 010 | _a 2002156573 | ||
| 020 | _a0814109764 | ||
| 040 |
_aDLC _cDLC _dDLC |
||
| 041 | _aeng | ||
| 080 | _a808.042071 | ||
| 082 | 0 | 0 |
_a808.042071 VIL _221 |
| 100 | _a21 | ||
| 101 | _aGJL | ||
| 245 | 0 | 0 |
_aCross-talk in comp theory : _cedited by Victor Villanueva. |
| 504 | _aIncludes bibliographical references (p. 847-851) and index. | ||
| 906 |
_a7 _bcbc _corignew _d1 _eecip _f20 _gy-gencatlg |
||
| 942 |
_2ddc _cBK |
||
| 999 |
_c41696 _d41696 |
||